Darts Order of Merit - Statistiken

Allgemein
  • Dieses Quiz wurde 230 mal gespielt
  • Das Durchschnittsergebnis liegt bei 21 aus 32
Antwortstatistiken
Hint Antwort % Korrekt
1 Littler
100%
4 Van Gerwen
99%
2 Humphries
98%
3 Van Veen
98%
15 Schindler
96%
7 Bunting
93%
12 Price
90%
6 Anderson
89%
5 Clayton
88%
9 Rock
83%
14 Aspinall
80%
16 Smith
80%
32 Smith
80%
31 Wright
78%
8 Searle
77%
10 Noppert
74%
11 Wade
67%
20 Cross
66%
13 Dobey
62%
17 Heta
58%
25 Van den Bergh
49%
19 De Decker
46%
22 Chisnall
45%
23 Gurney
45%
18 Wattimena
45%
21 Woodhouse
45%
30 Van Duijvenbode
38%
29 Nijman
31%
24 Joyce
28%
27 Edhouse
27%
26 Manzies
5%
28 Rartajski
0%
Keine übereinstimmenden Quizze gefunden
Verteilung der Resultate
Anzahl Personen mit jedem Resultat
Perzentil nach korrekt beantworteten Fragen
Ihre Resultats-Entwicklung
Sie haben dieses Quiz noch nicht gespielt